| 000 | 00618nam a22002057a 4500 | ||
|---|---|---|---|
| 005 | 20180710120408.0 | ||
| 010 | _aENG-123421 | ||
| 020 |
_a9789387572973 _c1799.00 |
||
| 035 | _aEN-106953 | ||
| 037 | _bDBAD/PUB. | ||
| 082 | _a629.8 | ||
| 100 | _aFarid Golnaraghi | ||
| 245 | 0 | 0 |
_aAutomatic Control systems / _bby Farid Golnaraghi [and] Benjamin C. Kuo |
| 250 | _a10th edn. | ||
| 260 |
_aNew Delhi _bMcGraw Hill Education _c2018 |
||
| 270 |
_aP-24, Green Park Extn. _bNew Delhi _e110016 |
||
| 300 |
_axiv,846p. _c26cm(pbk) _bill. |
||
| 700 | _aBenjamin C. Kuo | ||
| 942 |
_2ddc _cEN _mFAR _h629.8 |
||
| 999 |
_c153719 _d153719 |
||